=LDR 00000nam 2200000 4500 =001 INLIS000000000048773 =005 20170109093320.0 =006 =007 =008 =020 ##$$a 978-602-310-003-3 =035 ##$$0010-011700000000054 =040 ##$$a NBPDMAT =082 ##$$a 899 .221 8 =090 ##$$a 899 .221 8 $b Jal f =100 ##$$a Jalaludin Rumi =245 ##$$a Fihi ma Fihi : mengarungi samudra kebijaksanaan / $c Jalaludin Rumi ; penerjemah : Abdul Latif =260 ##$$a Yogyakarta : $b Forum, $c 2015 =300 ##$$a VIII, 529 hlm . ; $c 20 cm =650 ##$$a Esai =700 ##$$a Abdul Latif =990 ##$$a 21602510/BPAP-NTB/2017